中国不同驾照准驾车型Which Can You Drive? - Statistics

General Stats
  • This quiz has been taken 5 times
  • The average score is 12 of 17
Answer Stats
Hint Answer % Correct
A3 城市公交车
100%
B2 大型货车
100%
C1 小型汽车
100%
C2 小型自动挡汽车
100%
A1 大型客车
75%
A2 重型牵引挂车
75%
B1 中型客车
75%
C5 残疾人专用小型自动挡载客汽车
75%
C6 轻型牵引挂车
75%
D 普通三轮摩托车
75%
E 普通二轮摩托车
75%
F 轻便摩托车
75%
C3 低速载货汽车
50%
C4 三轮汽车
50%
M 轮式专用机械车
50%
P 有轨电车
50%
N 无轨电车
25%
No matching quizzes found
Score Distribution
Percent of People with Each Score
Percentile by Number Answered
Your Score History
You have not taken this quiz